| 000 | 00663nam a2200229Ia 4500 | ||
|---|---|---|---|
| 005 | 20240206113646.0 | ||
| 008 | 131103s9999 xx 000 0 und d | ||
| 020 | _cRs.12 | ||
| 040 | _aLoreto College | ||
| 041 | _aEnglish | ||
| 082 |
_a370.15 _bPRE |
||
| 100 | _aPressey,Sidney L. | ||
| 245 |
_aPsychology in Education, _cSidney L.Pressey, Francis P. Robinson and John E.Harrocks |
||
| 260 |
_aDelhi _bUniversal Book Stall _c1967 |
||
| 300 |
_axi,658 p. _b ill.,fig. |
||
| 504 | _aIncludes bibliography and index | ||
| 650 | _aEducation | ||
| 651 | _aEducational Psychology | ||
| 700 | _aRobinson,Francis P.,auth. | ||
| 850 | _aLCLIB | ||
| 942 | _cBK | ||
| 999 |
_c3581 _d54060 |
||